[Event "IRI-ch U16"]
[Site "Chess.com INT"]
[Date "2021.01.16"]
[Round "8"]
[White "Talebmanouchehri, Armin"]
[Black "Tabebordbar, Mohammad Amin"]
[Result "1-0"]
[WhiteElo "1498"]
[BlackElo "1092"]
[PlyCount "103"]
[EventDate "2021.01.16"]
[EventType "swiss"]
[EventRounds "11"]
[EventCountry "IRI"]
[SourceTitle "EXT 2022"]
[Source "ChessBase"]
[SourceDate "2021.10.06"]
[SourceVersion "1"]
[SourceVersionDate "2021.10.06"]
[SourceQuality "1"]

1. e4 e5 2. Nf3 Nc6 3. d4 exd4 4. Bc4 Bb4+ 5. Bd2 Bxd2+ 6. Qxd2 h6 7. Nxd4 Nxd4 8. Qxd4 Qf6 9. Qxf6 Nxf6 10. 0-0 d6 11. Nc3 0-0 12. f3 Be6 13. Nd5 Nxd5 14. Bxd5 Bxd5 15. exd5 Rfe8 16. Rfe1 Kf8 17. Kf2 f6 18. h4 Rad8 19. g4 Re5 20. Rxe5 dxe5 21. c4 Ke7 22. Ke3 Rd6 23. h5 c6 24. Rd1 b5 25. b3 a6 26. Rd3 Kf7 27. dxc6 Rxc6 28. Rd7+ Kg8 29. Ke4 bxc4 30. Kd5 Rb6 31. bxc4 Kf8 32. c5 Rb8 33. c6 Ke8 34. Rxg7 Kf8 35. Rh7 Rd8+ 36. Ke4 Rd4+ 37. Ke3 Rc4 38. c7 Ke8 39. Rh8+ Kd7 40. c8Q+ Rxc8 41. Rxc8 Kxc8 42. Ke4 Kd7 43. Kf5 Ke7 44. Kg6 Ke6 45. Kxh6 Kf7 46. Kh7 Ke6 47. Kg6 Ke7 48. h6 f5 49. gxf5 Kf8 50. h7 e4 51. h8Q+ Ke7 52. Qf6+ 1-0

[Event "IRI-ch U16"]
[Site "Chess.com INT"]
[Date "2021.01.16"]
[Round "3"]
[White "Teymori, Mohammad Reza"]
[Black "Talebmanouchehri, Armin"]
[Result "1/2-1/2"]
[WhiteElo "1264"]
[BlackElo "1498"]
[PlyCount "168"]
[EventDate "2021.01.16"]
[EventType "swiss"]
[EventRounds "11"]
[EventCountry "IRI"]
[SourceTitle "EXT 2022"]
[Source "ChessBase"]
[SourceDate "2021.10.06"]
[SourceVersion "1"]
[SourceVersionDate "2021.10.06"]
[SourceQuality "1"]

1. e4 c5 2. c3 g6 3. d4 cxd4 4. cxd4 d5 5. e5 Bg7 6. Nc3 Nc6 7. Nf3 Nh6 8. Be2 Bg4 9. Be3 Nf5 10. h3 Bxf3 11. Bxf3 e6 12. 0-0 0-0 13. Qd2 Qb6 14. Rad1 Rac8 15. Bg4 Nxe3 16. fxe3 Bh6 17. Rf3 Bg5 18. Qf2 Qd8 19. Rf1 Qe7 20. Nxd5 exd5 21. Bxc8 Nb4 22. a3 Nd3 23. Qe2 Nxe5 24. dxe5 Rxc8 25. Rxf7 Qxe5 26. Qf3 Qxe3+ 27. Qxe3 Bxe3+ 28. Kh1 b5 29. Rd1 d4 30. Re7 Rc2 31. b4 Rc3 32. Rxa7 d3 33. Re7 d2 34. Rxe3 Rxe3 35. Rxd2 Rxa3 36. Rd5 Rb3 37. Rxb5 Kf7 38. Rb7+ Ke6 39. b5 Kd6 40. Rxh7 Rxb5 41. Rg7 g5 42. Kh2 Ke6 43. Rh7 Kf6 44. Ra7 Rb3 45. Ra6+ Kf5 46. Ra5+ Kg6 47. Ra6+ Kg7 48. Re6 Kf7 49. Re4 Kf6 50. Rg4 Kf5 51. Rg3 Rb2 52. Rf3+ Kg6 53. Kg3 Rb4 54. Rd3 Ra4 55. Rd6+ Kf5 56. Rh6 Ra3+ 57. Kh2 Rb3 58. h4 gxh4 59. Rxh4 Kg5 60. Rh3 Rxh3+ 61. Kxh3 Kh5 62. Kh2 Kh4 63. g3+ Kg5 64. Kh3 Kh5 65. Kh2 Kg5 66. Kg2 Kg4 67. Kf2 Kg5 68. Kf3 Kf5 69. g4+ Kg6 70. Kf4 Kf6 71. g5+ Kg7 72. Kg4 Kg6 73. Kh4 Kg7 74. Kg4 Kg6 75. Kf4 Kg7 76. Kf5 Kf7 77. g6+ Kg8 78. Ke6 Kg7 79. Kf5 Kg8 80. Kf6 Kf8 81. Kg5 Kg7 82. Kh5 Kg8 83. Kg5 Kg7 84. Kf5 Kg8 1/2-1/2